A biologist's physical chemistry (Record no. 4794)

000 -LEADER
fixed length control field 00901cam a2200313 4500
001 - CONTROL NUMBER
control field 1738047
003 - CONTROL NUMBER IDENTIFIER
control field OSt
005 - DATE AND TIME OF LATEST TRANSACTION
control field 20220329110600.0
008 - FIXED-LENGTH DATA ELEMENTS--GENERAL INFORMATION
fixed length control field 740814s1974 enka b 001 0 eng
010 ## - LIBRARY OF CONGRESS CONTROL NUMBER
LC control number 74173899
015 ## - NATIONAL BIBLIOGRAPHY NUMBER
National bibliography number GB74-09052
020 ## - INTERNATIONAL STANDARD BOOK NUMBER
International Standard Book Number 071312413X
-- 0713124148 (pbk.)
040 ## - CATALOGING SOURCE
Original cataloging agency DLC
Transcribing agency DLC
Modifying agency DLC
050 00 - LIBRARY OF CONGRESS CALL NUMBER
Classification number QD453.2
Item number .M67 1974
082 00 - DEWEY DECIMAL CLASSIFICATION NUMBER
Classification number 541/.3/024574
100 1# - MAIN ENTRY--PERSONAL NAME
Personal name Morris, John Gareth.
245 12 - TITLE STATEMENT
Title A biologist's physical chemistry
Statement of responsibility, etc. [by] J. Gareth Morris.
250 ## - EDITION STATEMENT
Edition statement 2nd ed.
260 ## - PUBLICATION, DISTRIBUTION, ETC.
Place of publication, distribution, etc. London,
Name of publisher, distributor, etc. Edward Arnold,
Date of publication, distribution, etc. c1974.
300 ## - PHYSICAL DESCRIPTION
Extent xv, 390 p.
Other physical details illus.
Dimensions 23 cm.
350 ## - PRICE (NR) (BK AM CF MU VM SE) [OBSOLETE]
Price £4.80
490 0# - SERIES STATEMENT
Series statement Contemporary biology
500 ## - GENERAL NOTE
General note p. [370]-371.
504 ## - BIBLIOGRAPHY, ETC. NOTE
Bibliography, etc. note Includes bibliography and index.
650 #0 - SUBJECT ADDED ENTRY--TOPICAL TERM
Topical term or geographic name entry element Chemistry, Physical and theoretical.
650 #0 - SUBJECT ADDED ENTRY--TOPICAL TERM
Topical term or geographic name entry element Biochemistry.
906 ## - LOCAL DATA ELEMENT F, LDF (RLIN)
a 7
b cbc
c orignew
d 3
e ncip
f 19
g y-gencatlg
942 ## - ADDED ENTRY ELEMENTS (KOHA)
Source of classification or shelving scheme
Koha item type Book
Suppress in OPAC CM
Holdings
Withdrawn status Lost status Source of classification or shelving scheme Damaged status Not for loan Permanent Location Current Location Shelving location Date acquired Source of acquisition Total Checkouts Full call number Barcode Date last seen Price effective from Koha item type Public note
          AU LIBRARY AU LIBRARY Open Shelf 29.03.2022 DONATION FROM MOI UNIVERSITY   QD453.2 .M67 1974 28007122 29.03.2022 29.03.2022 Book CM

Powered by Koha